[Event "London Classic Open 2017"]
[Site "London ENG"]
[Date "2017.12.03"]
[Round "3.20"]
[White "Sowray, Peter J"]
[Black "Elsness, Frode"]
[Result "0-1"]
[WhiteTitle "FM"]
[BlackTitle "IM"]
[WhiteElo "2357"]
[BlackElo "2477"]
[WhiteFideId "400971"]
[BlackFideId "1501100"]
[EventDate "2017.12.02"]

1. c4 Nf6 2. Nc3 e6 3. e3 d5 4. Nf3 Bd6 5. d4 b6 6. Bd3 O-O 7. O-O Bb7 8. b3
Nbd7 9. Bb2 a6 10. Qe2 Ne4 11. Rad1 Qf6 12. Bb1 Qh6 13. h3 f5 14. Nxe4 fxe4 15.
Ne5 Nxe5 16. dxe5 Be7 17. Qg4 Rad8 18. Rc1 c5 19. Rfd1 Rf5 20. cxd5 Bxd5 21. f4
exf3 22. Bxf5 exf5 23. Qf4 Bg5 24. Rxd5 Rxd5 25. Qxf3 Bxe3+ 26. Kh1 Rd8 27. Rf1
f4 28. Qe4 Qe6 29. Bc1 Qd5 30. Qf5 Bxc1 31. Rxc1 Rf8 32. Qg5 f3 33. Rg1 g6 34.
Qg3 fxg2+ 35. Kh2 Rf5 0-1

[Event "London Classic Open 2017"]
[Site "London ENG"]
[Date "2017.12.03"]
[Round "3.21"]
[White "Quillan, Gary"]
[Black "Abergel, Thal"]
[Result "0-1"]
[WhiteTitle "IM"]
[BlackTitle "GM"]
[WhiteElo "2344"]
[BlackElo "2464"]
[WhiteFideId "401153"]
[BlackFideId "614890"]
[EventDate "2017.12.02"]

1. e4 b6 2. d4 Bb7 3. Nd2 e6 4. Ngf3 c5 5. c3 cxd4 6. cxd4 Nf6 7. Bd3 d5 8. e5
Nfd7 9. O-O Ba6 10. Ne1 Bxd3 11. Nxd3 Nc6 12. Nb3 a5 13. Be3 a4 14. Nd2 a3 15.
bxa3 Rxa3 16. Nb3 Qa8 17. Qe2 Be7 18. Nf4 g6 19. Rfc1 O-O 20. Qg4 Qa4 21. Nxe6
Ncxe5 22. Qh3 Nc4 23. Nxf8 Nxf8 24. Qf3 Qa8 25. Bh6 Ne6 26. Re1 Qd8 27. Qg4 Bf8
28. Bxf8 Nxf8 29. Re2 Kg7 30. Rae1 Ne6 31. h3 h5 32. Qf3 Qd6 33. Qc3 Nf4 34. Rc2
Qf6 35. Qf3 Qf5 36. Rc3 Rxa2 37. Nc1 Rd2 38. Nb3 Ne2+ 39. Qxe2 Rxe2 40. Rxe2
Qb1+ 41. Kh2 f5 42. h4 Qd1 43. Ra2 Qg4 44. g3 Qe4 45. Rcc2 Qf3 46. Nc1 f4 47.
Re2 fxg3+ 48. fxg3 Ne3 0-1

[Event "London Classic Open 2017"]
[Site "London ENG"]
[Date "2017.12.03"]
[Round "3.22"]
[White "Iturrizaga Bonelli, Eduardo"]
[Black "Britton, Richard L"]
[Result "1-0"]
[WhiteTitle "GM"]
[BlackTitle "FM"]
[WhiteElo "2665"]
[BlackElo "2239"]
[WhiteFideId "3901211"]
[BlackFideId "401692"]
[EventDate "2017.12.02"]

1. Nf3 Nf6 2. c4 g6 3. Nc3 Bg7 4. g3 O-O 5. Bg2 d6 6. d4 Nbd7 7. O-O e5 8. e4
Re8 9. Re1 a6 10. d5 Rf8 11. Rb1 Ne8 12. b4 Qe7 13. Qd3 f5 14. exf5 gxf5 15. Nh4
Qf6 16. Qc2 e4 17. Nxe4 fxe4 18. Bxe4 Ne5 19. Bxh7+ Kh8 20. f4 Bh3 21. Bb2 Qxh4
22. gxh4 Nf3+ 23. Kf2 Nxe1 24. Rxe1 Bxb2 25. Kg3 Bg7 26. Kxh3 Rxf4 27. Re7 Rf6
28. Bg6 Rf8 29. Bf7 Nf6 30. Qg6 1-0

[Event "London Classic Open 2017"]
[Site "London ENG"]
[Date "2017.12.03"]
[Round "3.24"]
[White "Grandelius, Nils"]
[Black "Kett, Tim"]
[Result "1-0"]
[WhiteTitle "GM"]
[WhiteElo "2647"]
[BlackElo "2204"]
[WhiteFideId "1710400"]
[BlackFideId "1801210"]
[EventDate "2017.12.02"]

1. c4 e5 2. Nc3 Bb4 3. Nd5 Bc5 4. e3 Nf6 5. b4 Nxd5 6. bxc5 Nf6 7. Nf3 Qe7 8.
Bb2 Nc6 9. d4 exd4 10. Nxd4 Nxd4 11. Qxd4 b6 12. cxb6 axb6 13. Bd3 Bb7 14. O-O
Ra5 15. e4 Qc5 16. Qc3 d6 17. Rfe1 Qg5 18. Re3 Nh5 19. Be2 f6 20. Qb3 Kd8 21.
Bc3 Rc5 22. Bd4 Nf4 23. Bf1 Ne6 24. Bxc5 Nxc5 25. Qc2 Qe5 26. Rae1 Ke7 27. Qd2
g5 28. Ra3 h5 29. Ra7 g4 30. a4 h4 31. a5 bxa5 32. Rb1 Rb8 33. Rxa5 g3 34. f4
gxh2+ 35. Kxh2 Qh5 36. Qe3 Qg6 37. Rxc5 dxc5 38. Qxc5+ Ke8 39. Qxc7 Qg3+ 40. Kh1 1-0

[Event "London Classic Open 2017"]
[Site "London ENG"]
[Date "2017.12.03"]
[Round "3.25"]
[White "Le Roux, Jean-Pierre"]
[Black "Navrotescu, Andreea-Cristiana"]
[Result "1-0"]
[WhiteTitle "GM"]
[BlackTitle "WIM"]
[WhiteElo "2560"]
[BlackElo "2193"]
[WhiteFideId "609404"]
[BlackFideId "675946"]
[EventDate "2017.12.02"]

1. d4 Nf6 2. Nf3 g6 3. g3 Bg7 4. Bg2 d5 5. O-O c6 6. c3 O-O 7. Nbd2 b6 8. Re1
Bb7 9. e4 dxe4 10. Ng5 e3 11. Rxe3 Nd5 12. Re1 e5 13. Nc4 exd4 14. cxd4 Na6 15.
Ne4 Nac7 16. Bg5 f6 17. Bd2 Bc8 18. Rc1 Be6 19. Ne3 Nxe3 20. Bxe3 Bd5 21. Nc3
Bxg2 22. Kxg2 Nd5 23. Qb3 Rf7 24. Ne2 Qd7 25. Nf4 f5 26. h4 Nxf4+ 27. Bxf4 Bxd4
28. Rcd1 c5 29. Re6 Re8 30. Rde1 Rxe6 31. Rxe6 Bxb2 32. Rd6 Qb7+ 33. Kh2 Bd4 34.
h5 Qe7 35. Re6 Qf8 36. hxg6 hxg6 37. Rxg6+ Kh8 38. Qd5 Rh7+ 39. Kg2 Qe8 40. Re6
Qd7 41. Rd6 Qf7 42. Rd8+ 1-0

[Event "London Classic Open 2017"]
[Site "London ENG"]
[Date "2017.12.03"]
[Round "3.27"]
[White "Bilguun, Sumiya"]
[Black "Mozes, Ervin"]
[Result "1-0"]
[WhiteTitle "IM"]
[BlackTitle "IM"]
[WhiteElo "2459"]
[BlackElo "2177"]
[WhiteFideId "4901541"]
[BlackFideId "1200151"]
[EventDate "2017.12.02"]

1. e4 Nf6 2. e5 Nd5 3. Nc3 Nxc3 4. bxc3 d6 5. f4 dxe5 6. fxe5 Qd5 7. d4 Qe4+ 8.
Kf2 Bg4 9. Nf3 Bxf3 10. Qxf3 Qxf3+ 11. gxf3 Nd7 12. f4 e6 13. c4 Be7 14. Bg2 c6
15. Rb1 Rb8 16. Be3 O-O 17. Rb3 f6 18. Bh3 f5 19. Bg2 Rfc8 20. Rhb1 b6 21. a4
Kf7 22. Ke2 Rc7 23. a5 Rd8 24. c3 h6 25. Bf3 g5 26. Bh5+ Kg7 27. Rg1 c5 28. d5
exd5 29. cxd5 c4 30. d6 cxb3 31. dxe7 Rb8 32. e8=Q Rxe8 33. Bxe8 bxa5 34. e6 Nc5
35. fxg5 Nxe6 36. gxh6+ Kh8 37. Bg6 f4 38. Bc1 Nc5 39. c4 Re7+ 40. Kf3 1-0

[Event "London Classic Open 2017"]
[Site "London ENG"]
[Date "2017.12.03"]
[Round "3.28"]
[White "Cawdery, Daniel"]
[Black "Stone, Andrew M"]
[Result "1-0"]
[WhiteTitle "IM"]
[WhiteElo "2447"]
[BlackElo "2170"]
[WhiteFideId "14300249"]
[BlackFideId "404985"]
[EventDate "2017.12.02"]

1. e4 e6 2. d4 d5 3. Nd2 Be7 4. Bd3 Nc6 5. Ngf3 Nb4 6. Be2 c5 7. e5 cxd4 8. Nb3
Bd7 9. Nbxd4 Nc6 10. O-O f6 11. Bd3 f5 12. c4 Nxd4 13. Nxd4 Bc5 14. Nb3 Be7 15.
cxd5 exd5 16. Nd4 g6 17. e6 Bc6 18. Nxf5 Nf6 19. Nd4 Qc7 20. Nb5 Qc8 21. Bh6 a6
22. Bg7 Rg8 23. Bxf6 axb5 24. Bxe7 Kxe7 25. Qd2 Qf8 26. Rfe1 Ra4 27. Qc3 Qf4 28.
Bxb5 1-0

[Event "London Classic Open 2017"]
[Site "London ENG"]
[Date "2017.12.03"]
[Round "3.29"]
[White "Semprun Martinez, Fernando"]
[Black "Gallagher, Joseph G."]
[Result "1/2-1/2"]
[BlackTitle "GM"]
[WhiteElo "2205"]
[BlackElo "2446"]
[WhiteFideId "2203170"]
[BlackFideId "1303422"]
[EventDate "2017.12.02"]

1. e4 c5 2. Nf3 e6 3. d4 cxd4 4. Nxd4 a6 5. Nc3 d6 6. Be3 b5 7. Qd2 Bb7 8. f3
Nd7 9. a4 bxa4 10. Nxa4 Ngf6 11. Nb3 Be7 12. Na5 Bxe4 13. b4 Bg6 14. Nc6 Qc7 15.
Nxe7 Kxe7 16. c4 Rhb8 17. Be2 Qb7 18. b5 axb5 19. cxb5 Nd5 20. O-O Nxe3 21. Qxe3
Qa7 22. Qxa7 Rxa7 23. Nc3 Rxa1 24. Rxa1 d5 25. Ra7 d4 26. Na4 d3 27. Nc5 dxe2
28. Kf2 Rxb5 29. Nxd7 Rb2 30. Ke1 Kd6 31. Nf8 Ke5 32. Nxg6+ fxg6 33. Rxg7 Kf4
34. Ra7 e5 35. Ra4+ Ke3 36. Ra3+ Kd4 37. Ra4+ Kc3 38. Ra3+ Kd4 39. Ra4+ Ke3 40.
Ra3+ Kf4 41. Ra4+ Kf5 42. Re4 1/2-1/2

[Event "London Classic Open 2017"]
[Site "London ENG"]
[Date "2017.12.03"]
[Round "3.30"]
[White "Harley, Andrew D"]
[Black "Ladron De Guevara Pinto, Paolo"]
[Result "0-1"]
[WhiteTitle "FM"]
[BlackTitle "IM"]
[WhiteElo "2196"]
[BlackElo "2422"]
[WhiteFideId "401390"]
[BlackFideId "2290847"]
[EventDate "2017.12.02"]

1. e4 e5 2. Nf3 Nc6 3. Bb5 a6 4. Ba4 Nf6 5. O-O Be7 6. d3 b5 7. Bb3 O-O 8. Nc3
d6 9. a3 Bg4 10. Be3 Qd7 11. h3 Be6 12. Bxe6 fxe6 13. d4 exd4 14. Nxd4 Nxd4 15.
Qxd4 c5 16. Qd2 Qc6 17. f3 Rad8 18. Bg5 h6 19. Bf4 d5 20. e5 Nd7 21. Ne2 Nb6 22.
b4 Nc4 23. Qe1 d4 24. Qg3 Kh7 25. Rfb1 d3 26. cxd3 Rxd3 27. Bc1 g5 28. h4 gxh4
29. Qg4 Nxe5 30. Qh5 Rd1+ 31. Kh2 Rxc1 32. Rxc1 Rf5 33. Nd4 Qd6 34. Nxf5 Nxf3+
35. Kh3 Qh2+ 36. Kg4 Qxg2+ 37. Kf4 Bg5+ 38. Qxg5 hxg5+ 39. Ke4 exf5+ 40. Kxf5
Nd4+ 0-1

[Event "London Classic Open 2017"]
[Site "London ENG"]
[Date "2017.12.03"]
[Round "3.31"]
[White "Hill, Alistair"]
[Black "Krishna, C R G"]
[Result "1/2-1/2"]
[BlackTitle "IM"]
[WhiteElo "2179"]
[BlackElo "2421"]
[WhiteFideId "432407"]
[BlackFideId "5018625"]
[EventDate "2017.12.02"]

1. Nf3 d5 2. g3 c6 3. Bg2 Bg4 4. O-O Nd7 5. d3 e6 6. h3 Bh5 7. c4 Bd6 8. Nc3 Ne7
9. cxd5 exd5 10. e4 dxe4 11. Nxe4 Nc5 12. Be3 Nxe4 13. dxe4 Bxf3 14. Bxf3 Ng6
15. Qb3 Qe7 16. Bg2 O-O 17. Rad1 1/2-1/2

[Event "London Classic Open 2017"]
[Site "London ENG"]
[Date "2017.12.03"]
[Round "3.32"]
[White "Cumming, Rhys"]
[Black "Hansen, Torbjorn Ringdal"]
[Result "0-1"]
[BlackTitle "GM"]
[WhiteElo "2162"]
[BlackElo "2408"]
[WhiteFideId "470163"]
[BlackFideId "1501720"]
[EventDate "2017.12.02"]

1. e4 c6 2. d4 d5 3. Nd2 dxe4 4. Nxe4 Nf6 5. Nxf6+ exf6 6. c3 Bd6 7. Bd3 O-O 8.
Ne2 Re8 9. Qc2 h5 10. Be3 Nd7 11. O-O-O Nf8 12. Kb1 Be6 13. c4 Rc8 14. Nc3 Bb4
15. Ne4 Be7 16. Rhe1 b5 17. c5 f5 18. Nc3 b4 19. Ne2 Bg5 20. Bxg5 Qxg5 21. g3
Rb8 22. Qa4 Qf6 23. b3 Bd5 24. Qxa7 Ne6 25. Bc2 Bf3 26. Rc1 Ra8 27. Qb7 Reb8 28.
Qd7 Bxe2 29. Rxe2 Nxd4 30. Re3 Rd8 0-1

[Event "London Classic Open 2017"]
[Site "London ENG"]
[Date "2017.12.03"]
[Round "3.33"]
[White "Ethelontis, Alexandros N"]
[Black "Martins, David Pires Tavares"]
[Result "1/2-1/2"]
[BlackTitle "IM"]
[WhiteElo "2154"]
[BlackElo "2400"]
[WhiteFideId "405469"]
[BlackFideId "1909991"]
[EventDate "2017.12.02"]

1. c4 f5 2. g3 Nf6 3. Bg2 g6 4. Nc3 Bg7 5. d3 d6 6. e4 Nc6 7. Nge2 O-O 8. O-O e5
9. Nd5 Ne7 10. Bg5 c6 11. Nxe7+ Qxe7 12. Qd2 Be6 13. exf5 gxf5 14. Nc3 Qf7 15.
f4 h6 16. Bh4 Nd7 17. Rae1 Rae8 18. Kh1 e4 19. dxe4 Bxc4 20. Rf2 Nc5 21. Re3
fxe4 22. Nxe4 Nxe4 23. Rxe4 Rxe4 24. Bxe4 Re8 25. Bf3 Qf5 26. Kg2 h5 27. h3 Bd3
28. Kh2 Bd4 29. Rg2 Be3 30. Qd1 Be4 31. Bxe4 Rxe4 32. Qxd6 Bd4 33. Qb8+ Qf8 34.
Qxb7 Qd6 35. Qc8+ Kg7 36. Qf5 Qd5 37. Qg5+ Qxg5 38. Bxg5 Be3 39. Rc2 c5 40. Kg2
Bd4 41. f5 Re1 42. Bf4 Kf6 43. g4 Rg1+ 44. Kf3 Rh1 45. Ke4 Re1+ 46. Kd5 Rg1 47.
Bd6 hxg4 48. hxg4 Rxg4 49. Bxc5 Bxc5 50. Kxc5 Kxf5 51. Re2 Rg6 52. b4 Ra6 53.
Kb5 Ra3 54. Kc4 a6 55. Kd5 Kf4 56. Kc5 Kf3 57. Rb2 Ke4 58. Rd2 Rc3+ 59. Kb6 Ra3
60. Rh2 Kd5 61. Rh5+ Kc4 62. Rh4+ Kc3 63. Kc5 Rxa2 64. Rh3+ Kb2 65. Kc4 Ra4 66.
Rh2+ Ka3 67. Rh3+ Kb2 68. Rh5 Ka3 1/2-1/2

[Event "London Classic Open 2017"]
[Site "London ENG"]
[Date "2017.12.03"]
[Round "3.34"]
[White "Baenziger, Fabian"]
[Black "Schut, Han"]
[Result "1-0"]
[WhiteTitle "FM"]
[WhiteElo "2400"]
[BlackElo "2161"]
[WhiteFideId "1330110"]
[BlackFideId "1005561"]
[EventDate "2017.12.02"]

1. c4 Nf6 2. Nc3 d5 3. cxd5 Nxd5 4. g3 c5 5. Bg2 Nc7 6. Qa4+ Qd7 7. Nf3 Qxa4 8.
Nxa4 Nd7 9. b3 e5 10. Bb2 f6 11. Rc1 Ne6 12. O-O Rb8 13. e3 b5 14. Nc3 Bb7 15.
d3 Be7 16. Nh4 Bxg2 17. Kxg2 g6 18. f4 c4 19. dxc4 bxc4 20. Nd5 cxb3 21. axb3
Rxb3 22. Rc8+ Bd8 23. Bc3 O-O 24. Bb4 Re8 25. f5 gxf5 26. Nxf5 a5 27. Bd6 Rb2+
28. Kh1 Kf7 29. Ba3 Rb3 30. Nd6+ Kg6 31. Nxe8 Rxa3 32. Rc6 Rd3 33. Rd6 Nef8 34.
Ne7+ Bxe7 35. Rxd3 a4 36. Nc7 Nb6 37. Ra1 Nfd7 38. Nd5 Nxd5 39. Rxd5 Nc5 40. Kg2
Kf5 41. Kf3 Ke6 42. Rxc5 1-0

[Event "London Classic Open 2017"]
[Site "London ENG"]
[Date "2017.12.03"]
[Round "3.35"]
[White "Klingher, Dominic"]
[Black "McDonald, Neil"]
[Result "0-1"]
[BlackTitle "GM"]
[WhiteElo "2153"]
[BlackElo "2397"]
[WhiteFideId "428850"]
[BlackFideId "400629"]
[EventDate "2017.12.02"]

1. e4 d5 2. exd5 Qxd5 3. Nc3 Qd6 4. g3 Nf6 5. Bg2 g6 6. Nge2 Bg7 7. O-O O-O 8.
d4 c6 9. Bf4 Qd8 10. Qd2 Bf5 11. Rfe1 Nbd7 12. h3 Re8 13. g4 Be6 14. Bh6 Bc4 15.
Bxg7 Kxg7 16. b3 Bxe2 17. Rxe2 e6 18. Rae1 h6 19. f4 Qa5 20. Ne4 Qxd2 21. Nxd2
h5 22. Bf3 hxg4 23. hxg4 Rh8 24. Rh2 Nd5 25. Bxd5 cxd5 26. f5 Rxh2 27. Kxh2 gxf5
28. gxf5 exf5 29. c4 Kf6 30. Kg3 Rd8 31. c5 Nf8 32. b4 Ne6 33. Nf3 Rg8+ 34. Kf2
Rg4 35. Rd1 Rf4 36. Ke3 Re4+ 37. Kf2 Nf4 38. Ne5 Nh3+ 39. Kg2 Ng5 40. b5 Re2+
41. Kf1 Rc2 42. Nd3 Ne4 43. Nb4 Rb2 44. Nxd5+ Kg5 45. a4 f4 46. Kg1 f3 47. Ne3
Ng3 48. Rf1 Nxf1 49. Nxf1 Kf4 50. d5 Rg2+ 51. Kh1 Rg8 52. c6 bxc6 53. dxc6 f2
54. Kh2 Kf3 0-1

[Event "London Classic Open 2017"]
[Site "London ENG"]
[Date "2017.12.03"]
[Round "3.36"]
[White "Munguntuul, Batkhuyag"]
[Black "Mcgowan, Daniel"]
[Result "1-0"]
[WhiteTitle "IM"]
[WhiteElo "2397"]
[BlackElo "2155"]
[WhiteFideId "4900758"]
[BlackFideId "2401479"]
[EventDate "2017.12.02"]

1. e4 e6 2. d4 d5 3. Nc3 dxe4 4. Nxe4 Nd7 5. Nf3 Ngf6 6. Bd3 Be7 7. O-O O-O 8.
c3 b6 9. Nfg5 Bb7 10. Qf3 Nxe4 11. Nxe4 Rb8 12. Qg3 Bxe4 13. Bxe4 f5 14. Bc2 Rf6
15. Bg5 Rf7 16. Bf4 Rc8 17. Bb3 Nf8 18. Rfe1 Rf6 19. Qh3 Kh8 20. Rad1 c6 21. Rd3
h6 22. Be5 Rg6 23. Rg3 Qe8 24. Ree3 Bf6 25. Rxg6 Qxg6 26. Rg3 Qh7 27. Bxf6 gxf6
28. Qh4 Nd7 29. Rh3 Kg7 30. Qg3+ Kh8 31. Qf4 Kg7 32. Bxe6 Re8 33. Re3 1-0

[Event "London Classic Open 2017"]
[Site "London ENG"]
[Date "2017.12.03"]
[Round "3.37"]
[White "Stanisz, Patryk"]
[Black "Milliet, Sophie"]
[Result "1/2-1/2"]
[BlackTitle "IM"]
[WhiteElo "2150"]
[BlackElo "2392"]
[WhiteFideId "1123106"]
[BlackFideId "623725"]
[EventDate "2017.12.02"]

1. Nf3 c5 2. g3 Nc6 3. Bg2 g6 4. e4 Bg7 5. d3 d6 6. O-O e5 7. c3 Nge7 8. Be3 O-O
9. Ne1 Be6 10. Nd2 b6 11. c4 h6 12. Nb1 f5 13. f3 f4 14. Bf2 h5 15. Nc3 g5 16.
Nd5 Ng6 17. a3 Qd7 18. Rb1 Rf7 19. b4 Raf8 20. b5 Nd4 21. gxf4 Bxd5 22. f5 Be6
23. fxg6 Rf6 24. Be3 g4 25. Rb2 gxf3 26. Bxd4 exd4 27. Bxf3 Bg4 28. Rbf2 Rxg6
29. Bxg4 Rxg4+ 30. Rg2 Rxf1+ 31. Kxf1 Bh6 32. Qf3 Qg7 33. Rxg4 hxg4 34. Qf5 g3
35. Qc8+ Kh7 36. Qf5+ Kg8 37. Qc8+ Kh7 38. Qf5+ Kh8 39. Qc8+ Kh7 40. Qf5+ 1/2-1/2

[Event "London Classic Open 2017"]
[Site "London ENG"]
[Date "2017.12.03"]
[Round "3.38"]
[White "Zujev, Oleg"]
[Black "Van Zyl-Rudd, Jack"]
[Result "1/2-1/2"]
[BlackTitle "FM"]
[WhiteElo "2381"]
[BlackElo "2153"]
[WhiteFideId "12801585"]
[BlackFideId "14309017"]
[EventDate "2017.12.02"]

1. d4 d5 2. c4 e6 3. Nc3 Nf6 4. cxd5 Nxd5 5. e4 Nxc3 6. bxc3 c5 7. Nf3 cxd4 8.
cxd4 Bb4+ 9. Bd2 Bxd2+ 10. Qxd2 O-O 11. Bc4 Nd7 12. O-O b6 13. Rfe1 Bb7 14. Rad1
Rc8 15. Bb3 Qf6 16. h3 Rfd8 17. Qe3 Nf8 18. d5 exd5 19. e5 Qg6 20. Nd4 Ne6 21.
f4 Nxd4 22. Rxd4 Rc5 23. Qf3 Qc6 24. f5 Rc1 25. Rxc1 Qxc1+ 26. Kh2 Re8 27. Bxd5
Bxd5 28. Rxd5 h6 29. Qe4 Qc7 30. Kh1 Qc1+ 31. Kh2 Qc7 32. Kh1 1/2-1/2

[Event "London Classic Open 2017"]
[Site "London ENG"]
[Date "2017.12.03"]
[Round "3.39"]
[White "Gayson, Peter M"]
[Black "Vo, Thi Kim Phung"]
[Result "0-1"]
[BlackTitle "WGM"]
[WhiteElo "2145"]
[BlackElo "2380"]
[WhiteFideId "401838"]
[BlackFideId "12401838"]
[EventDate "2017.12.02"]

1. e4 c5 2. Nf3 e6 3. d4 cxd4 4. Nxd4 a6 5. Nc3 Qc7 6. Bd3 b5 7. O-O Bb7 8. Qe2
Nc6 9. Be3 Nf6 10. f4 d6 11. Kh1 Be7 12. Rae1 O-O 13. Qf3 b4 14. Na4 d5 15. exd5
Nxd5 16. Qh3 Nf6 17. Nf3 Bd6 18. Nb6 Rae8 19. Nc4 Ne7 20. Ng5 Nf5 21. Bb6 Qc6
22. Bxf5 exf5 23. Rxe8 Rxe8 24. Nxd6 Qxd6 25. Be3 h6 26. Qxf5 Rxe3 0-1

[Event "London Classic Open 2017"]
[Site "London ENG"]
[Date "2017.12.03"]
[Round "3.40"]
[White "Arakhamia-Grant, Ketevan"]
[Black "Olson, Hamish"]
[Result "1-0"]
[WhiteTitle "GM"]
[WhiteElo "2350"]
[BlackElo "2146"]
[WhiteFideId "13600168"]
[BlackFideId "2404257"]
[EventDate "2017.12.02"]

1. e4 e5 2. Nf3 Nc6 3. Bc4 Nf6 4. d3 Bc5 5. c3 a6 6. O-O Ba7 7. Re1 d6 8. a4 O-O
9. h3 Ne7 10. Nbd2 Ng6 11. d4 c6 12. Bd3 Nh5 13. Nc4 b5 14. axb5 cxb5 15. Ne3
Nhf4 16. Bf1 Rb8 17. Nf5 Ne6 18. Be3 Bb6 19. Qd2 Bb7 20. dxe5 Bxe3 21. Qxe3 dxe5
22. h4 h6 23. h5 Ngf4 24. Nxe5 Qc7 25. Ng4 Ng5 26. Qg3 Kh8 27. e5 Qc6 28. Nd4
Qd5 29. Re3 Nfe6 30. Nxe6 fxe6 31. Rae1 Qc5 32. Kh2 Qe7 33. f4 Nh7 34. Nf2 Qf7
35. Nh3 Qxh5 36. Bd3 Rbd8 37. Bg6 1-0

[Event "London Classic Open 2017"]
[Site "London ENG"]
[Date "2017.12.03"]
[Round "3.41"]
[White "Sedykh, Mikhail"]
[Black "Stauskas, Lukas"]
[Result "0-1"]
[WhiteElo "2143"]
[BlackElo "2349"]
[WhiteFideId "447498"]
[BlackFideId "12808148"]
[EventDate "2017.12.02"]

1. e4 c5 2. Nc3 e6 3. g3 d5 4. exd5 exd5 5. Bg2 Nf6 6. Nge2 d4 7. Ne4 Nxe4 8.
Bxe4 Nd7 9. O-O Nf6 10. Bg2 Bd6 11. c3 O-O 12. cxd4 cxd4 13. Nxd4 Bxg3 14. hxg3
Qxd4 15. Qc2 Bg4 16. Qc3 Qd7 17. Qb4 Be2 18. Re1 Rae8 19. d4 Ng4 20. Bf4 b6 21.
Qd2 Bc4 22. b3 Bd5 23. f3 Nf6 24. Re5 Qb7 25. Qe3 Rxe5 26. Bxe5 Re8 27. Qf4 Nd7
28. Rc1 Nxe5 29. dxe5 h6 30. Rc3 Qa6 31. a4 Qe2 32. Re3 Qd1+ 33. Kh2 Bxb3 34.
Re4 Rd8 35. Rb4 Be6 36. Rb2 Rd4 37. Qe3 Qxa4 38. Bh3 Bxh3 39. Kxh3 Qd7+ 40. g4
h5 41. e6 hxg4+ 42. Kh2 fxe6 43. f4 Qd6 44. Rf2 Rd3 45. Qe4 g3+ 0-1

[Event "London Classic Open 2017"]
[Site "London ENG"]
[Date "2017.12.03"]
[Round "3.42"]
[White "Hand, Freddie"]
[Black "Paterek, Michal"]
[Result "1-0"]
[BlackTitle "FM"]
[WhiteElo "2139"]
[BlackElo "2315"]
[WhiteFideId "436950"]
[BlackFideId "1116142"]
[EventDate "2017.12.02"]

1. d4 d5 2. c4 c6 3. Nf3 Nf6 4. Nc3 a6 5. c5 g6 6. h3 Bg7 7. Bf4 O-O 8. e3 Nbd7
9. Be2 Ne8 10. b4 Nc7 11. O-O f6 12. e4 e5 13. dxe5 fxe5 14. Bg5 Qe8 15. exd5 e4
16. Nd4 cxd5 17. Be3 Kh8 18. Qb3 Qe5 19. Rfd1 Nf6 20. Bf1 Rd8 21. Rd2 Be6 22.
Rad1 Bg8 23. Na4 Re8 24. Qc2 Rad8 25. c6 b5 26. Nc5 g5 27. Be2 Bf8 28. a4 h5 29.
Nb7 Bxb4 30. axb5 axb5 31. Nxb5 Nxb5 32. Bxb5 Bxd2 33. Qxd2 Kg7 34. Bd4 Qf4 35.
Qxf4 gxf4 36. Nxd8 Rxd8 37. c7 Rc8 38. Rc1 Be6 39. Ba6 Ra8 40. Rc6 Kf7 41. Bb7
Rg8 42. c8=Q Bxc8 43. Bxc8 Rg6 44. Be6+ Ke7 45. Bxd5 f3 46. Re6+ Kd7 47. Rxf6
Rxg2+ 48. Kh1 1-0

[Event "London Classic Open 2017"]
[Site "London ENG"]
[Date "2017.12.03"]
[Round "3.43"]
[White "Jackson, James P"]
[Black "Ongut, Tamas Gunes"]
[Result "1-0"]
[WhiteTitle "FM"]
[WhiteElo "2314"]
[BlackElo "2119"]
[WhiteFideId "416860"]
[BlackFideId "770280"]
[EventDate "2017.12.02"]

1. e4 e5 2. Nf3 Nc6 3. Bb5 a6 4. Ba4 Nf6 5. O-O Be7 6. Re1 b5 7. Bb3 O-O 8. h3
Bb7 9. d3 d6 10. a3 Qd7 11. Nc3 Rfe8 12. Ng5 Rf8 13. f4 Nd4 14. Ba2 exf4 15.
Bxf4 Ne6 16. Bd2 Nxg5 17. Bxg5 h6 18. Bh4 d5 19. exd5 g5 20. Bf2 b4 21. axb4
Bxb4 22. Qf3 Nh7 23. Qh5 Kg7 24. Bd4+ f6 25. Bb3 Bxc3 26. Bxc3 Bxd5 27. Bxd5
Qxd5 28. Re7+ Kh8 29. Rae1 Qf5 30. Qxh6 1-0

[Event "London Classic Open 2017"]
[Site "London ENG"]
[Date "2017.12.03"]
[Round "3.44"]
[White "Abrahams, Daniel"]
[Black "Derakhshani, Borna"]
[Result "1/2-1/2"]
[BlackTitle "FM"]
[WhiteElo "2130"]
[BlackElo "2298"]
[WhiteFideId "2606879"]
[BlackFideId "12518450"]
[EventDate "2017.12.02"]

1. c4 e5 2. Nc3 Nf6 3. g3 Bb4 4. Bg2 O-O 5. Nf3 d6 6. O-O c6 7. d3 Nbd7 8. Qc2
Re8 9. a3 Bxc3 10. Qxc3 a5 11. b4 d5 12. Bg5 d4 13. Qb2 c5 14. bxa5 Rxa5 15. Nd2
Qc7 16. Ne4 Nxe4 17. Bxe4 b6 18. Bd2 Ra7 19. Rfb1 Bb7 20. Bxb7 Qxb7 21. a4 e4
22. Qc2 exd3 23. Qxd3 Ne5 24. Qb3 Qe4 25. Qxb6 Rae7 26. Bf4 Qxe2 27. Bxe5 Rxe5
28. a5 d3 29. a6 d2 30. a7 Qe1+ 31. Kg2 Qe4+ 32. Kg1 Qe1+ 33. Kg2 Qe4+ 1/2-1/2

[Event "London Classic Open 2017"]
[Site "London ENG"]
[Date "2017.12.03"]
[Round "3.45"]
[White "Voss, Gunther"]
[Black "Marzano, Carlo"]
[Result "0-1"]
[WhiteElo "2118"]
[BlackElo "2261"]
[WhiteFideId "4683234"]
[BlackFideId "802980"]
[EventDate "2017.12.02"]

1. d4 d5 2. c4 dxc4 3. Nf3 Nf6 4. e3 a6 5. Bxc4 e6 6. O-O b5 7. Bb3 Bb7 8. Qe2
c5 9. Rd1 Nbd7 10. a4 b4 11. a5 Qc7 12. Nbd2 Be7 13. Nc4 O-O 14. Nfe5 Rfd8 15.
Ba4 Nxe5 16. dxe5 Rxd1+ 17. Bxd1 Nd7 18. f4 Rd8 19. e4 Nb8 20. f5 Bxe4 21. f6
gxf6 22. exf6 Bxf6 23. Qg4+ Bg6 0-1